कथा गुंफली अश्रूंची (Record no. 962567)

MARC details
000 -LEADER
fixed length control field 00365nam a2200121Ia 4500
008 - FIXED-LENGTH DATA ELEMENTS--GENERAL INFORMATION
fixed length control field 151001s9999||||xx |||||||||||||| ||und||
100 ## - MAIN ENTRY--PERSONAL NAME
Personal name प्रकाश भाटकर
245 ## - TITLE STATEMENT
Title कथा गुंफली अश्रूंची
250 ## - EDITION STATEMENT
Edition statement 1
260 ## - PUBLICATION, DISTRIBUTION, ETC. (IMPRINT)
Name of publisher, distributor, etc ललित नाट्य प्रकाशन
300 ## - PHYSICAL DESCRIPTION
Extent 88
365 ## - TRADE PRICE
Price amount 17

No items available.